Temas clave en la formación inicial del profesorado de secundaria /
| Other Authors: | , |
|---|---|
| Format: | Electronic eBook |
| Language: | Spanish French |
| Published: |
Santander :
Ediciones Universidad Cantabria,
2022.
|
| Series: | Colección Manuales (Editorial Universidad de Cantabria) ;
# 50. Textos universitarios (Editorial Universidad de Cantabria) ; no 20. |
| Subjects: | |
| Online Access: | Digitalia Hispánica |
MARC
| LEADER | 00000nam a2200000Ii 4500 | ||
|---|---|---|---|
| 001 | DIGUCANT0158 | ||
| 003 | NyNyDIG | ||
| 007 | cr ||||||||||| | ||
| 008 | 221107s2022 sp ob 000 0 spa d | ||
| 006 | m o d | ||
| 035 | |a (OCoLC)1352726548 | ||
| 040 | |a DGITA |b eng |e rda |e pn |c DGITA | ||
| 041 | |a spa |h fre | ||
| 043 | |a e-sp--- | ||
| 020 | |a 9788487412257 |q pdf | ||
| 020 | |z 9788481027624 |q rústica | ||
| 050 | 1 | 4 | |a LB1607 ebook |
| 245 | 0 | 0 | |a Temas clave en la formación inicial del profesorado de secundaria / |c Marta García Lastra, José Manuel Osoro Sierra (eds.) |
| 264 | 1 | |a Santander : |b Ediciones Universidad Cantabria, |c 2022. | |
| 300 | |a 1 online resource. | ||
| 336 | |a text |b txt |2 rdacontent | ||
| 337 | |a computer |b c |2 rdamedia | ||
| 338 | |a online resource |b cr |2 rdacarrier | ||
| 347 | |a text file |2 rdaft | ||
| 347 | |b PDF | ||
| 490 | 1 | |a Colección manuales ; |v #50 | |
| 490 | 1 | |a Textos universitarios ; |v 20 | |
| 504 | |a Includes bibliographical references. | ||
| 588 | 0 | |a Online resource; title from PDF title page (Digitalia, viewed November 8, 2022) | |
| 650 | 0 | |a Education, Secondary. | |
| 650 | 0 | |a Teachers |x Training of. | |
| 655 | 0 | |a Electronic books. | |
| 700 | 1 | |a García Lastra, Marta, |e editor. | |
| 700 | 1 | |a Osoro Sierra, José Manuel, |e editor. | |
| 791 | 2 | |a Digitalia (Firm), |e distributor. | |
| 793 | 0 | |g Digitalia eBook Collection: |a Universidad de Cantabria | |
| 776 | 0 | 8 | |i Print version: |t Temas clave en la formación inicial del profesorado de secundaria. |b 1a edición. |d Santander : Universidad Cantabria, 2015 |z 9788481027624 |
| 830 | 0 | |a Colección Manuales (Editorial Universidad de Cantabria) ; |v # 50. | |
| 830 | 0 | |a Textos universitarios (Editorial Universidad de Cantabria) ; |v no 20. | |
| 856 | 4 | 0 | |3 Digitalia Hispánica |u https://www.digitaliapublishing.com/a/116058/ |
| 910 | |a Premium collection: 2022 | ||


